000 00750nam a2200265Ia 4500
003 OSt
005 20220925221828.0
006 a|||||r|||| 00| 0
007 ta
008 220923b |||||||| |||| 00| 0 eng d
037 _cGeneral Book
040 _aRTL
_cRTL
_beng
041 _2eng
_aeng
082 _aU43, L9
100 _aDaniel Peter
_9287132
245 0 _aGeography of settlement
260 _aLondon
_bOlimer and Boyd U. K.
_c1979
300 _a289p.
_ccm.
490 _aConceptual Frame Works in Geography
500 _aBibliography p.282-86
650 _aGeography-Urban
700 _a Hopkinson Michael
_9287133
942 _hU43, L9
_cGB
_2CC
999 _c575428
_d575428